| 000 | 01014nam a2200337Ia 4500 | ||
|---|---|---|---|
| 001 | dia_4039 | ||
| 003 | CHAP | ||
| 005 | 20251023153136.0 | ||
| 008 | 220117s2012 xx 000 0 und d | ||
| 010 | _a177003 | ||
| 020 | _a978-84-494-3872-1 | ||
| 040 | _cCHAP | ||
| 082 | _aC 371.102 M36 2012 | ||
| 245 | _aManual de recursos del maestro | ||
| 260 |
_aEspaña : _b Océano, _c2012 |
||
| 300 | _axx, 731 p. | ||
| 503 | _aC/e | ||
| 504 | _aBibliografía: p. 721-731 | ||
| 505 | _aRecursos interactivos del docente (CD-ROM) | ||
| 590 | _aC LB1025.3 M36 2012 | ||
| 650 |
_aAsertividad (Psicología) _9159915 |
||
| 650 |
_aAssertiveness _9159916 |
||
| 650 |
_aCommunication in education _9159917 |
||
| 650 |
_aComunicación en educación _9159918 |
||
| 650 |
_aEducational resources _9159919 |
||
| 650 |
_aRecursos educacionales _9159920 |
||
| 901 | _aC 371.102 M36 2012 | ||
| 902 | _aA | ||
| 905 | _a5232272012 sp ainl8222223322spa16 | ||
| 942 |
_cLIBRO _2ddc |
||
| 999 |
_c177003 _d177003 |
||